000 00264nam a22001217a 4500
003 SGT
082 _a617.643
_bS2000C
100 _aCanalis, Ernesto
245 _aSkeletal Growth Factors
260 _bLippincott Williams
_c2000
300 _a480
942 _2ddc
_cRARE
999 _c33261
_d33261